00233nam a2200097Ia 4500008004100000082001500041100001800056245002800074260001800102600001500120241002s9999 xx 000 0 und d a808.83 LAW aLawrence, D.H 4aThe Woman Who Rode Away aLondon:c1960 aLiterature